El hombre : noción científica /

Estudio que responde a la pregunta de si el hombre puede ser objeto formal y adecuado de una ciencia. Para ello el autor, aporta elementos epistemológicos y metodológicos que sustentan la viabilidad de una antropología científica. Posteriormente analiza las estructuras y dinamismos específicos del h...

Ausführliche Beschreibung

Gespeichert in:
Bibliographische Detailangaben
1. Verfasser: Cencillo, Luis (autor)
Format: Buch
Sprache:Spanisch
Veröffentlicht: Madrid, España : Pirámide, 1978, c1978
Schriftenreihe:(Neurociencia)
Schlagworte:
Tags: Tag hinzufügen
Keine Tags, Fügen Sie das erste Tag hinzu!

MARC

LEADER 00000nam^a2200000^a^4500
001 000259135
005 20250521000000.0
009 20260310110356.119
020 |a 84-368-0079-6 
037 |a Acervo Xavier Clavigero 
041 |a ESP 
082 |a 300. 1  |b CEN 
100 |a Cencillo, Luis  |e (autor) 
245 1 3 |a El hombre :  |b noción científica /  |c L. Cencillo. 
264 4 |a Madrid, España :  |b Pirámide,  |c 1978, c1978 
300 |a 670 p. 
336 |a texto  |b txt  |2 rdacontenido 
337 |a sin mediación  |b n  |2 rdamedio 
338 |a volumen  |b nc  |2 rdasoporte 
440 1 |a (Neurociencia) 
520 |a Estudio que responde a la pregunta de si el hombre puede ser objeto formal y adecuado de una ciencia. Para ello el autor, aporta elementos epistemológicos y metodológicos que sustentan la viabilidad de una antropología científica. Posteriormente analiza las estructuras y dinamismos específicos del humano. Contenido: El problema metodológico; Los procesos culturales; Factores psíquicos de la cultura: conocimiento y expresión; Características específicas de la especie humana. 
649 |a XX 
650 |a Antropología -  |x Teoría 
650 |a Sociología -  |x Teoría 
910 |a Fondo General 
920 |a Impresos - Libros 
930 |a Colección General 
905 |a 101 
901 |a 011125  |b IT1  |c ACC  |u 20250521 
901 |a 039519  |b IT1  |c ACC  |u 20250521 
901 |a 011126  |b IT1  |c ACC  |u 20250521 
902 |a https://opac.biblio.iteso.mx/vufind/Record/000259135